[Event "CRO-chT2 Center"]
[Site "Zagreb"]
[Date "2010.04.11"]
[Round "6.36"]
[White "Dusak, Robert"]
[Black "Krizancic, Josip"]
[Result "0-1"]
[WhiteElo "1729"]
[BlackElo "2099"]
[PlyCount "46"]
[EventDate "2010.03.21"]
[EventType "team-tourn"]
[EventRounds "11"]
[EventCountry "CRO"]
[SourceTitle "EXT 2012"]
[Source "ChessBase"]
[SourceDate "2011.11.24"]
[SourceVersion "1"]
[SourceVersionDate "2011.11.24"]
[SourceQuality "1"]

1. e4 g6 2. d4 Bg7 3. Nf3 c5 4. Be3 Qb6 5. b3 Nc6 6. c3 cxd4 7. Nxd4 Qa5 8. Qd2 Nf6 9. f3 0-0 10. Bd3 a6 11. 0-0 e5 12. Nc2 d5 13. b4 Qc7 14. exd5 Nxd5 15. Bh6 Be6 16. Bxg7 Kxg7 17. a3 Rad8 18. g3 Rd7 19. Qe2 Rfd8 20. Rd1 Nf6 21. Ne1 e4 22. fxe4 Bg4 23. Nf3 Ne5 0-1

[Event "CRO-chT2 Center"]
[Site "Zagreb"]
[Date "2010.04.11"]
[Round "5.46"]
[White "Krizancic, Josip"]
[Black "Kovacic, Damir"]
[Result "1-0"]
[WhiteElo "2099"]
[BlackElo "2020"]
[PlyCount "90"]
[EventDate "2010.03.21"]
[EventType "team-tourn"]
[EventRounds "11"]
[EventCountry "CRO"]
[SourceTitle "EXT 2012"]
[Source "ChessBase"]
[SourceDate "2011.11.24"]
[SourceVersion "1"]
[SourceVersionDate "2011.11.24"]
[SourceQuality "1"]

1. e4 e5 2. Nf3 Nc6 3. Nc3 Bc5 4. Bc4 Nf6 5. 0-0 d6 6. h3 0-0 7. d3 h6 8. Na4 Bb6 9. Nxb6 axb6 10. a3 Ne7 11. Re1 Ng6 12. Kh2 Re8 13. Be3 c6 14. Bb3 Qe7 15. Ng1 d5 16. f3 Bd7 17. Qe2 Nh5 18. Qf2 d4 19. Bd2 Be6 20. Ne2 Bxb3 21. cxb3 Qd6 22. Rg1 Qe6 23. g4 Nhf4 24. Bxf4 Nxf4 25. Nxf4 exf4 26. g5 h5 27. g6 fxg6 28. Rg2 Qxb3 29. Rxg6 Re7 30. Rag1 Rd8 31. Qh4 Qxb2+ 32. R1g2 Qxa3 33. Qxh5 Rd6 34. R6g4 Qc5 35. Rg5 Qa3 36. Qg4 Rdd7 37. Rh5 Qd6 38. Qh4 Kf7 39. Rxg7+ Kxg7 40. Rh7+ Kg8 41. Rh8+ Kf7 42. Qh7+ Kf6 43. Qf5+ Kg7 44. Qf8+ Kg6 45. Rh6+ Kg5 1-0

[Event "CRO-chT2b"]
[Site "Croatia"]
[Date "2009.10.18"]
[Round "7"]
[White "Ostovic, Matija"]
[Black "Krizancic, Josip"]
[Result "1-0"]
[WhiteElo "2090"]
[BlackElo "2110"]
[PlyCount "119"]
[EventDate "2009.03.01"]
[EventType "team-tourn"]
[EventRounds "11"]
[EventCountry "CRO"]
[SourceTitle "EXT 2011"]
[Source "ChessBase"]
[SourceDate "2010.11.26"]
[SourceVersion "1"]
[SourceVersionDate "2010.11.26"]
[SourceQuality "1"]

1. Nf3 d5 2. d4 Nf6 3. c4 c6 4. Nc3 e6 5. cxd5 exd5 6. Bg5 Be7 7. Qc2 0-0 8. e3 h6 9. Bh4 Re8 10. Bd3 Be6 11. 0-0 Nbd7 12. Rab1 a6 13. b4 Rc8 14. a4 Nh5 15. Bxe7 Qxe7 16. Nd2 Nhf6 17. Nb3 Rc7 18. Nc5 Nb8 19. b5 cxb5 20. axb5 Nfd7 21. Nxe6 Qxe6 22. bxa6 bxa6 23. Qb3 Nf6 24. Na4 Nbd7 25. Rfc1 Rec8 26. Rxc7 Rxc7 27. h3 g6 28. Qb4 Ne4 29. Qa5 Rc8 30. Qxa6 Qxa6 31. Bxa6 Ra8 32. Bb5 Rb8 33. Rb2 Ndf6 34. Bd3 Rxb2 35. Nxb2 Nd6 36. Na4 Kf8 37. Nb6 Ke7 38. Bc2 Nde8 39. f3 Kd6 40. e4 dxe4 41. fxe4 Ke7 42. e5 Nh5 43. Nd5+ Ke6 44. Bb3 Nhg7 45. Nf6+ Ke7 46. Ng8+ Kf8 47. Nxh6 Ne6 48. Bxe6 fxe6 49. Kf2 Kg7 50. Ng4 g5 51. Nf6 Nc7 52. Ke3 Kg6 53. Ke4 Nb5 54. d5 exd5+ 55. Nxd5 g4 56. h4 g3 57. Kf4 Nd4 58. Ne3 Nc6 59. Nf5 Kh5 60. e6 1-0

[Event "CRO-chT2b"]
[Site "Croatia"]
[Date "2009.03.08"]
[Round "3"]
[White "Krizancic, Josip"]
[Black "Ivekovic, Zvonimir"]
[Result "0-1"]
[WhiteElo "2114"]
[BlackElo "2299"]
[PlyCount "58"]
[EventDate "2009.03.01"]
[EventType "team-tourn"]
[EventRounds "11"]
[EventCountry "CRO"]
[SourceTitle "EXT 2010"]
[Source "ChessBase"]
[SourceDate "2010.11.25"]
[SourceVersion "1"]
[SourceVersionDate "2010.11.25"]
[SourceQuality "1"]

1. e4 c5 2. Nf3 d6 3. Bb5+ Bd7 4. Bxd7+ Qxd7 5. Nc3 Nf6 6. d4 e6 7. 0-0 Be7 8. Bg5 cxd4 9. Nxd4 0-0 10. Qe2 a6 11. Rad1 Qc7 12. Rd2 Nbd7 13. Nd1 h6 14. Bh4 b5 15. a3 Nb6 16. Ne3 Nxe4 17. Bxe7 Nxd2 18. Bf6 Nxf1 19. Qg4 g6 20. Qh4 Nd7 21. Bh8 d5 22. g3 h5 23. Qg5 Kxh8 24. Qh6+ Kg8 25. Nxe6 Qe5 26. Nf5 Rfe8 27. Neg7 gxf5 28. Nxh5 Re6 29. Qg7+ Qxg7 0-1

[Event "CRO-chT3"]
[Site "Zagreb"]
[Date "2008.05.04"]
[Round "6"]
[White "Hodzic, Hazim"]
[Black "Krizancic, Josip"]
[Result "0-1"]
[WhiteElo "1947"]
[BlackElo "2104"]
[PlyCount "132"]
[EventDate "2008.03.30"]
[EventType "team-tourn"]
[EventRounds "9"]
[EventCountry "CRO"]
[SourceTitle "EXT 2011"]
[Source "ChessBase"]
[SourceDate "2010.11.26"]
[SourceVersion "1"]
[SourceVersionDate "2010.11.26"]
[SourceQuality "1"]

1. e4 Nf6 2. Nc3 d5 3. exd5 Nxd5 4. Ne4 e5 5. d3 Nc6 6. Nf3 h6 7. Be2 Be6 8. c3 Qd7 9. Qc2 f5 10. Ng3 0-0-0 11. a3 g5 12. 0-0 Rg8 13. Kh1 Nf4 14. Ne1 g4 15. Bxf4 exf4 16. Nh5 Bd6 17. Nf6 Qf7 18. Nxg8 Rxg8 19. f3 h5 20. b4 h4 21. Rb1 h3 22. Rg1 hxg2+ 23. Rxg2 Ne5 24. c4 Ng6 25. Qd1 Nh4 26. Rg1 Qh5 27. Rb2 Rh8 28. fxg4 Qh7 29. Nf3 fxg4 30. Nxh4 f3 31. Bxf3 Qxh4 32. Rxg4 Bxg4 33. Bxg4+ Kb8 34. Qg1 c6 35. Rg2 Re8 36. Be2 Qh8 37. d4 Qh7 38. c5 Bc7 39. Qf2 Qb1+ 40. Rg1 Qe4+ 41. Bf3 Qf4 42. a4 a6 43. b5 axb5 44. axb5 cxb5 45. d5 Rf8 46. Rg3 Be5 47. Kg2 Qh4 48. Qe2 Bxg3 49. hxg3 Qf6 50. c6 b4 51. cxb7 b3 52. Be4 Qe5 53. Qd3 Re8 54. Bf5 Qe2+ 55. Qxe2 Rxe2+ 56. Kf3 Re1 57. Bd3 b2 58. g4 b1Q 59. Bxb1 Rxb1 60. Kf4 Kxb7 61. Kf5 Kc7 62. Kf6 Kd6 63. g5 Rf1+ 64. Kg7 Kxd5 65. g6 Ke6 66. Kh8 Rg1 0-1

[Event "CRO-chT3"]
[Site "Zagreb"]
[Date "2008.04.20"]
[Round "4"]
[White "Krizancic, Josip"]
[Black "Okrosa, Marijan"]
[Result "0-1"]
[WhiteElo "2104"]
[BlackElo "2101"]
[PlyCount "154"]
[EventDate "2008.03.30"]
[EventType "team-tourn"]
[EventRounds "9"]
[EventCountry "CRO"]
[SourceTitle "EXT 2011"]
[Source "ChessBase"]
[SourceDate "2010.11.26"]
[SourceVersion "1"]
[SourceVersionDate "2010.11.26"]
[SourceQuality "1"]

1. e4 e6 2. Nc3 d5 3. d4 Nf6 4. Bd3 c5 5. Bb5+ Nc6 6. e5 Nd7 7. Bxc6 bxc6 8. Nf3 Ba6 9. Ne2 cxd4 10. 0-0 c5 11. Re1 Qc7 12. Ng3 Be7 13. Bf4 0-0 14. Qd2 Rab8 15. Rab1 Rfc8 16. Nh5 Rb7 17. Bg3 Qd8 18. h3 Nb8 19. Qf4 Nc6 20. a3 d3 21. c3 Na5 22. Qg4 g6 23. Bh4 Bxh4 24. Nxh4 Nc4 25. Nf6+ Kg7 26. Nf3 d2 27. Red1 Rxb2 28. Rxb2 Nxb2 29. Rxd2 Nc4 30. Rd1 h6 31. Nh5+ Kf8 32. Nf4 Ke7 33. Re1 Rb8 34. Nd3 Qa5 35. Qh4+ Kd7 36. Qf6 Rf8 37. Nf4 Qd8 38. Qg7 Kc6 39. Qxh6 Bb5 40. Nd3 a6 41. Qf4 Nxa3 42. Nxc5 Kxc5 43. Qb4+ Kb6 44. Qxa3 Qc8 45. Qd6+ Kb7 46. Nd4 Rd8 47. Nxb5 axb5 48. Qb4 Qc4 49. Qe7+ Qc7 50. Qb4 Qc4 51. Qb2 Ra8 52. Rb1 Kb6 53. Qd2 Ra2 54. Qe3+ Kc6 55. Qf3 Qe4 56. Qd1 Qe2 57. Qd4 Qe4 58. Qd1 Qc2 59. Qf1 Qe2 60. h4 Kc5 61. Re1 Qxf1+ 62. Kxf1 Rc2 63. Re3 Kc4 64. g4 Rxc3 65. h5 gxh5 66. gxh5 d4 67. Rg3 d3 68. h6 Rc1+ 69. Kg2 d2 70. h7 Rg1+ 71. Kxg1 d1Q+ 72. Kh2 Qh5+ 73. Rh3 Qxe5+ 74. Kg2 Qh8 75. Kf1 b4 76. Ke2 b3 77. Kd1 Kb4 0-1